000
00294nam a2200133Ia 4500
008
191201s2011 xx 000 0 und d
100
_a
NATARAJAN,AM
245
0
_a
Operations Research
250
_a
IMP
260
_a
N.Delhi
_b
Pearson
_c
2011
300
_a
738
650
_a
MBA
942
_2
ddc
_c
BK
999
_c
4155
_d
4155